000 00628nam a2200205 i 4500
001 14198
003 ES-MaACL
005 20250910063053.0
007 t|
008 980612s1990 sp ||||0| spa j
040 _aM-BN
_bspa
_cM-BN
080 _a821.134.2-14"19"
100 0 _aMartínez Mesanza, Julio,
_d1955-
_978234
245 1 0 _aJulio Martínez Mesanza.
260 _a[Málaga :
_bCentro Cultural de la Generación del 27],
_c[1990]
300 _a[12] p. :
_b1 retr. ;
_c22 cm.
710 2 _aCentro Cultural Generación del 27.
_92582
852 _aES-MaACL
_j2153-F-19
_bR.119093
999 _c14198
_d14198